Энциклопедия форматов графических файлов: пер. с англ.

Dettagli Bibliografici
Autore principale: Мюррей Д. Д. Джеймс Д.
Altri autori: ван Райпер У. Уильям
Lingua:russo
Pubblicazione: Киев, BHV, 1997
Soggetti:
Natura: Sconosciuto
KOHA link:https://koha.lib.tpu.ru/cgi-bin/koha/opac-detail.pl?biblionumber=5585

MARC

LEADER 00000nmm0a2200000 4500
001 5585
005 20231030175638.0
010 |a 5731500045 
035 |a (RuTPU)RU\TPU\book\5613 
035 |a BOOK00005665 
090 |a 5585 
100 |a 20011209d1997 km y0rusy50 ca 
101 1 |a rus  |c eng 
102 |a UA 
105 |a y f 000zy 
200 1 |a Энциклопедия форматов графических файлов  |e пер. с англ.  |f Д. Д. Мюррей, У. ван Райпер 
210 |a Киев  |c BHV  |d 1997 
215 |a 672 с. 
610 1 |a файлы графические 
610 1 |a форматы 
610 1 |a энциклопедии 
675 |a 681.322-181.4.06(03)  |v 3 
700 1 |a Мюррей  |b Д. Д.  |g Джеймс Д. 
701 1 |a ван Райпер  |b У.  |g Уильям 
801 0 |a RU  |b 63413507  |c 20011209  |g PSBO 
801 2 |a RU  |b 63413507  |c 20220420  |g PSBO 
942 |c MX